Figure out the song - Lizzy McAlpine #2 - Statistics

General Stats
  • This quiz has been taken 119 times
  • The average score is 127 of 215
Answer Stats
Hint % Correct
I
99%
a
93%
you
89%
You
89%
me
84%
me,
84%
the
83%
The
83%
an
80%
do
79%
And
76%
and
76%
to
74%
we
73%
Your
73%
so
67%
it
66%
in
64%
my
64%
don't
63%
I'm
63%
know
63%
that
61%
That
61%
But
60%
What
59%
can
56%
like
56%
see
56%
hate
54%
can't
53%
have
51%
not
51%
on
51%
with
51%
we're
50%
all
49%
there
49%
it's
47%
had
46%
just
46%
loved
46%
Now
46%
up
46%
tell
44%
get
43%
heart
43%
or
43%
shame
43%
was
43%
Was
43%
'Cause
41%
feel
41%
mom
41%
out
41%
find
40%
never
40%
care
39%
hole
39%
really
39%
sleep
39%
There's
39%
act
37%
act?
37%
bullet
37%
does
37%
high
37%
mix
37%
show
37%
through
37%
vodka
37%
window
37%
broke
36%
convinced
36%
drunk
36%
firearm
36%
friends
36%
joke
36%
pulled
36%
put
36%
should've
36%
turns
36%
name
34%
reality
34%
comes
33%
energy
33%
fame
33%
fucked
33%
long
33%
online
33%
react
33%
strangers
33%
took
33%
caused
31%
else
31%
lack
31%
pain
31%
thereof?
31%
everyone
30%
oh
30%
realize
30%
sure
29%
talking
29%
liked
26%
No matching quizzes found
Score Distribution
Percent of People with Each Score
Percentile by Number Answered
Your Score History
You have not taken this quiz